000 00495nam a2200193 a 4500
001 1766566527662
003 YourLibrary
005 20251226115020.0
008 251224s2001##################000#0#eng##
020 _a9780385501293
082 0 4 _a282.092
_bMED
100 1 _aMedwick, Cathleen,
_eauthor.
245 1 0 _aTeresa of Avila :
260 _bImage,
_c2001.
300 _a308 pages
650 0 _aBiography & Autobiography.
942 _cENGLISH
040 _aYourLibrary
_beng
_cYourLibrary
999 _c604673
_d604673